000 00247 a2200097 4500
001 13267
100 _aKamp,DI.
245 _a21st Century Manager : Future-focused skills for the next millennium
260 _a
_bKogan Page
_c
090 _c10263
_d10263
942 _aNUST-CAE
_cM
_c296
999 _c248340
_d248340